00285 a2200133 450000100060000002000150000604000240002110000240004524000200006924500150008930000070010436200090011165000310012070063 a8572084592 cAnchieta - Itaigara aPereira, Otoniel S.10aBicháriolpor10aBichário a320 a2006 4aLiteratura infanto-juvenil